Pathfinder NDA / NA (Record no. 9397)

MARC details
000 -LEADER
fixed length control field 00486cam a2200193ua 4500
001 - CONTROL NUMBER
control field 10418
005 - DATE AND TIME OF LATEST TRANSACTION
control field 20260515114624.0
008 - FIXED-LENGTH DATA ELEMENTS--GENERAL INFORMATION
fixed length control field 190130n ii |||gr||||Z||||||eng
020 ## - INTERNATIONAL STANDARD BOOK NUMBER
International Standard Book Number 9789386179890
040 ## - CATALOGING SOURCE
Transcribing agency MAIN
041 ## - LANGUAGE CODE
Language code of text/sound track or separate title eng
082 ## - DEWEY DECIMAL CLASSIFICATION NUMBER
Classification number 030
245 ## - TITLE STATEMENT
Title Pathfinder NDA / NA
Remainder of title National Defence Academy and Naval Academy Entrance Examination
260 ## - PUBLICATION, DISTRIBUTION, ETC.
Place of publication, distribution, etc. Meerut:
Name of publisher, distributor, etc. Arihant.
300 ## - PHYSICAL DESCRIPTION
Extent 1086+16p.
653 ## - INDEX TERM--UNCONTROLLED
Uncontrolled term General encyclopedic works
653 ## - INDEX TERM--UNCONTROLLED
Uncontrolled term MAIN
942 ## - ADDED ENTRY ELEMENTS (KOHA)
Koha item type Books
Holdings
Withdrawn status Lost status Damaged status Not for loan Home library Current library Shelving location Date acquired Total checkouts Full call number Barcode Date last seen Copy number Price effective from Koha item type
        Naharkatiya College Library Naharkatiya College Library General stacks 09/19/2020   030 | PAT 25275 09/19/2020 1 09/19/2020 Books